[Event "Vecindario rapid op 2nd"]
[Site "Vecindario"]
[Date "2024.11.01"]
[Round "4"]
[White "Perez Betancor, Jose Luis"]
[Black "Cruz Ramirez, Nauzet"]
[Result "0-1"]
[WhiteElo "1691"]
[BlackElo "1981"]
[PlyCount "96"]
[EventDate "2024.11.01"]
[EventType "swiss"]
[EventRounds "9"]
[EventCountry "ESP"]
[SourceTitle "CB45_2024"]
[Source "ChessBase"]
[SourceDate "2024.11.06"]
[SourceVersion "1"]
[SourceVersionDate "2024.11.06"]
[SourceQuality "1"]

1. e4 c5 2. d4 cxd4 3. c3 Nf6 4. e5 Nd5 5. cxd4 e6 6. Nf3 b6 7. Bc4 Ba6 8. Bxa6 Nxa6 9. a3 Be7 10. 0-0 0-0 11. Qd3 Nac7 12. Nc3 f5 13. Bd2 Rb8 14. Nxd5 Nxd5 15. Qb5 Qc7 16. Rac1 Qb7 17. Rc2 a6 18. Qb3 b5 19. Rfc1 Kh8 20. Ne1 Qb6 21. Be3 f4 22. Bd2 Qxd4 23. Nf3 Qb6 24. a4 bxa4 25. Qxa4 Qb5 26. Qe4 Qb7 27. Qe2 Rbc8 28. h4 Rxc2 29. Rxc2 Rc8 30. Rxc8+ Qxc8 31. Ng5 Bxg5 32. hxg5 g6 33. Qf3 Qc4 34. g3 Qd4 35. Bxf4 Qxb2 36. Be3 Kg7 37. Kg2 Qxe5 38. Bc5 Qf5 39. Bd4+ Kf7 40. Qd1 Qxg5 41. Qa4 Ne7 42. Ba1 Qd5+ 43. Kh2 a5 44. Qh4 Qh5 45. Qxh5 gxh5 46. Kh3 Nf5 47. g4 hxg4+ 48. Kxg4 Kg6 0-1